Score 0/20 Timer 07:00
2 Plays Today
Question Answer Wrong Answers
Who was the original host of 'Who Wants To Be A Millionaire?' Regis Philbin
89.5%
Meredith Vieira
2.9%
Cedric the Entertainer
1%
Terry Crews
2.3%
Who was the original host of 'America's Next Top Model?' Tyra Banks
88.2%
Rita Ora
7.5%
Who was the original host of 'Are You Smarter Than a 5th Grader?' Jeff Foxworthy
87.1%
Regis Philbin
8.7%
Who was the original host of 'The Wonderful World of Disney?' Walt Disney
86.5%
Ronald Reagan
9.5%
Who was the original host of 'The Joy of Painting?' Bob Ross
86.4%
Graham Kerr
9.5%
Who was the original host of 'Let's Make a Deal?' Monty Hall
82.4%
Art Fleming
13.4%
Who was the original host of 'Family Feud?' Richard Dawson
81.8%
Ray Combs
6.4%
Steve Harvey
4.1%
Louie Anderson
3.6%
Who was the original host of 'Deal or No Deal?' Howie Mandel
81.6%
Tom Bergeron
6.5%
Wayne Brady
3.3%
Drew Carey
4.4%
Who was the original host of 'America's Funniest Home Videos (AFV)?' Bob Saget
80.9%
Alfonso Ribeiro
1.6%
Tom Bergeron
11%
John Fugelsang
2.3%
Who was the original host of 'Soul Train?' Don Cornelius
80.4%
Shemar Moore
15.5%
Who was the original host of 'The Hollywood Squares?' Peter Marshall
80.2%
Tom Bergeron
15.6%
Who was the original host of 'Match Game?' Gene Rayburn
79.2%
Ross Schaeffer
7.1%
Jon Bauman
6.2%
Alec Baldwin
3.2%
Who was the original host of 'Pyramid?' Dick Clark
78%
John Davidson
17.8%
Who was the original host of 'The French Chef?' Julia Child
74.9%
Graham Kerr
6.2%
Gordon Ramsay
3.1%
Emeril Lagasse
11.4%
Who was the original host of 'The Galloping Gourmet?' Graham Kerr
73.1%
Julia Child
22.7%
Who was the original host of 'Password?' Allen Ludden
72.3%
Gene Rayburn
23.5%
Who was the original host of 'ABC's Wide World of Sports?' Jim McKay
67.5%
Frank Gifford
28.2%
Who was the original host of 'Jeopardy!?' Art Fleming
56.1%
Alex Trebek
35.4%
Dan Patrick
2.1%
Jeff Probst
2.2%
Who was the original host of 'Wheel of Fortune?' Chuck Woolery
38.4%
Bob Goen
6%
Pat Sajak
48.9%
Rolf Benirschke
2.5%
Who was the original host of 'The Tonight Show?' Steve Allen
34.7%
Jack Paar
39.3%
Johnny Carson
17.8%
Jay Leno
4.1%
Remove Ads.
Support Sporcle.
Get the best of Sporcle when you Go Orange. This ad-free experience offers more features, more stats, and more fun while also helping to support Sporcle. Thank you for becoming a member.

You're not logged in!

Compare scores with friends on all Sporcle quizzes.
OR
Log In

Show Comments

Extras

Top Quizzes Today


Score Distribution

Your Account Isn't Verified!

In order to create a playlist on Sporcle, you need to verify the email address you used during registration. Go to your Sporcle Settings to finish the process.

Report this User

Report this user for behavior that violates our Community Guidelines.

Details: